Satunnaisia Amerikan valtioita kartalla - Statistics

Yleistilastot
  • Tätä visaa on pelattu 1 242 kertaa
  • Keskiarvotulos 10 / 12
Vastaukset kartalla
Vastauksille on annettu kartalla punavihreä väri sen mukaan, kuinka moni on saanut sen oikein.
 
Vastaustilastot
Valtio % Oikein
Yhdysvallat
100%
Kanada
99%
Meksiko
99%
Brasilia
98%
Chile
96%
Argentiina
95%
Kuuba
95%
Panama
94%
Kolumbia
93%
Peru
92%
Venezuela
92%
Bolivia
91%
Paraguay
91%
Uruguay
90%
Ecuador
87%
Haiti
87%
Suriname
83%
Honduras
82%
Nicaragua
82%
Bahama
79%
Costa Rica
78%
Guyana
78%
Dominikaaninen tasavalta
77%
El Salvador
77%
Belize
75%
Jamaika
75%
Guatemala
73%
Saint Lucia
71%
Trinidad ja Tobago
68%
Saint Kitts ja Nevis
65%
Saint Vincent ja Grenadiinit
62%
Antigua ja Barbuda
60%
Barbados
58%
Dominica
58%
Grenada
53%
Ehtoja vastaavia visoja ei löytynyt
Tulosjakauma
Jokaisen tuloksen saaneiden osuus
Persentiili vastausten määrän mukaan
Tuloshistoriasi
Et ole pelannut tätä visaa